Loading...
| Literature - World Literature | 0 | 9 | 0 | 1 | 90 | 119 | 136.00 | 0 | 0 |
| Literature - American Literature | 0 | 6 | 0 | 0 | 60 | 107 | 133.00 | 0 | 1 |
| Literature - European Literature | 0 | 5 | 0 | 0 | 50 | 131 | 143.20 | 0 | 0 |
| Literature - British Literature | 0 | 4 | 0 | 0 | 40 | 111 | 130.25 | 0 | 0 |
| Science - Chemistry | 0 | 3 | 0 | 0 | 30 | 99 | 118.00 | 0 | 0 |
| Mythology | 0 | 2 | 0 | 0 | 20 | 133 | 138.00 | 0 | 0 |
| Other Academic | 0 | 2 | 0 | 0 | 20 | 108 | 112.50 | 0 | 0 |
| History - American History | 0 | 1 | 0 | 0 | 10 | 92 | 92.00 | 0 | 0 |
| Science - Other Science | 0 | 1 | 0 | 0 | 10 | 109 | 109.00 | 0 | 0 |
| History - European History | 0 | 1 | 0 | 0 | 10 | 133 | 133.00 | 0 | 0 |
| History - World History | 0 | 1 | 0 | 0 | 10 | 137 | 137.00 | 0 | 0 |
| Science - Biology | 0 | 1 | 0 | 0 | 10 | 84 | 84.00 | 0 | 1 |
| Religion | 0 | 1 | 1 | 0 | 5 | 120 | 120.00 | 0 | 0 |
| Social Science | 0 | 0 | 0 | 0 | 0 | 0.00 | 0 | 0 | |
| Fine Arts - Classical Music | 0 | 0 | 0 | 0 | 0 | 0.00 | 0 | 0 |